|
|
|
|
| LEADER |
00000nam a2200000 a 4500 |
| 001 |
vtls001489530 |
| 003 |
SK-MaSNL |
| 005 |
20260301122407.0 |
| 008 |
240314 000 0 eng |
| 040 |
|
|
|a SNK
|b slo
|c SNK
|e AACR2
|
| 100 |
1 |
|
|a Mészáros, Ondrej,
|d 1741-1812
|4 aut
|9 69274
|
| 245 |
1 |
0 |
|a Kázeň na Nedelu dewatenástu po S. Duchu w Chráme božém Skalském pri Primiciách ...
|
| 260 |
|
|
|a Trnawa
|b [Wáclaw gelink]
|c 1801
|
| 300 |
|
|
|a 34 s.
|
| 999 |
|
|
|c 732736
|d 734666
|
| 952 |
|
|
|a SNK
|b SNK
|y VYP
|7 0
|p 17A0351111
|o snkSD 3145/5 D2
|i snkF 4788/80
|3 Rekatalogizácia
|0 0
|1 0
|4 0
|d 2005-01-20
|l 0
|r 2026-02-23 22:34:40
|w 2026-02-23
|
| 952 |
|
|
|a SNK
|b SNK
|y VYP
|7 0
|p 17A0454640
|o snkSD 3145/5 D1
|i snkF 1912/76
|3 Rekatalogizácia
|0 0
|1 0
|4 0
|d 2005-01-20
|l 0
|r 2026-02-23 22:34:40
|w 2026-02-23
|